000 00210nam a2200097Ia 4500
005 20251222114342.0
008 251222s1900||||xx |||||||||||||| ||spa||
082 _aDVD0120/E98/2010
245 0 _aCarmen:
942 _cDVD
999 _c889
_d889